| 000 | 00718na a2200253 4500 | ||
|---|---|---|---|
| 001 | 21893 | ||
| 003 | MIRAKIL | ||
| 005 | 20181226092846.0 | ||
| 008 | 170208b tu n0 0 0 | ||
| 035 | _a20918 | ||
| 040 |
_aMilas _btur _cTR-AnCHP |
||
| 041 | _atur | ||
| 090 | _a050 DER 40 | ||
| 245 |
_aForum _bsiyaset, iktisat kültür dergisi |
||
| 260 |
_aAnkara _bGüzel İstanbul _c1954-1997 |
||
| 300 |
_ac. _bres. _c33 sm. |
||
| 310 | _a15 günlük | ||
| 500 | _aDerginin adı 1979 yılında 'Yeni Forum' olarak değiştirilmiştir. | ||
| 650 |
_aSiyaset _vSüreli yayınlar |
||
| 650 |
_aEkonomi _vSüreli yayınlar |
||
| 650 |
_aKültür _vSüreli yayınlar |
||
| 910 | _aDERGİ 40 | ||
| 942 |
_2ddc _cSER |
||
| 999 |
_c11509 _d11509 |
||